CIRCUS MAXIMUS - Statistics

General Stats
  • This quiz has been taken 30 times
  • The average score is 219 of 406
Answer Stats
Answer % Correct
I
100%
y
100%
yo'
100%
A
96%
a
96%
do
96%
you
96%
You
96%
is
92%
go
88%
Go,
88%
go,
88%
be
84%
I'm
84%
me
84%
me"
84%
our
84%
the
84%
the,
84%
when
84%
When
84%
know
80%
love
80%
Or
80%
to
80%
what
80%
famous?
76%
my
76%
want
76%
was
76%
we
76%
We
76%
But
72%
final
72%
gave
72%
God
72%
have
72%
in
72%
In
72%
moment
72%
this?
72%
this
72%
this,
72%
an
68%
black
68%
if
68%
If
68%
of
68%
Unreal,
68%
walk-in
68%
care
64%
forsaken
64%
it
64%
it,
64%
where
64%
Where
64%
on
60%
and
56%
And
56%
Are
56%
At
56%
back
56%
distraction
56%
no
56%
that
56%
alive?
52%
attraction
52%
front
52%
naturally
52%
off
52%
Off
52%
she
52%
So
52%
these
52%
top
52%
breathing
48%
it's
48%
It's
48%
let
48%
not
48%
wanted?
48%
We'll
48%
blouse
44%
done
44%
Like
44%
like
44%
row
44%
seats
44%
strength
44%
Too
44%
took
44%
Took
44%
waiting
44%
world,
44%
All
40%
all
40%
out,
40%
out
40%
over
40%
your
40%
been
36%
drop
36%
How
36%
how
36%
lil'
36%
make
36%
myself,
36%
up
36%
walking
36%
Yeah,
36%
yeah,
36%
boy
32%
'Cause
32%
'cause
32%
exactly
32%
goin'
32%
got
32%
Got
32%
patrollin'
32%
soft
32%
time
32%
don't
28%
fame
28%
look
28%
packed
28%
real
28%
side,
28%
special
28%
Welcome
28%
controllin'
24%
happenin'
24%
hard
24%
seas
24%
see
24%
sound
24%
streets,
24%
tavern
24%
think
24%
told
24%
Cabo
20%
eat
20%
echo
20%
emotions
20%
Gotta
20%
ground
20%
just
20%
keep
20%
mano
20%
McDonald's
20%
might
20%
nothin'
20%
Ronald
20%
still
20%
traffic
20%
With
20%
around
16%
down
16%
harassing
16%
looks
16%
need
16%
shapin'
16%
went
16%
Ain't
12%
Bailey
12%
bumps
12%
calling
12%
drastic
12%
Every
12%
Feel
12%
function
12%
grabbin'
12%
Heavy
12%
inside,
12%
laughin'
12%
Moses,
12%
much
12%
Osanto
12%
outside,
12%
part
12%
snatching
12%
thought
12%
travel
12%
vault
12%
waist
12%
would
12%
ass
8%
cops
8%
country
8%
dabbed
8%
didn't
8%
flyin'
8%
here
8%
here,
8%
house
8%
jumpin'
8%
land
8%
moments
8%
never
8%
Sorry,
8%
Whenever
8%
because
4%
havoc
4%
Move
4%
"Pardon
4%
Put
4%
ri—,
4%
right
4%
shit
4%
Socrates
4%
wreak
4%
bind
0%
ducking
0%
excited,
0%
la-la
0%
now
0%
Out-out,
0%
parliament,
0%
saké,
0%
state
0%
Tell
0%
turned
0%
vine
0%
No matching quizzes found
Score Distribution
Percent of People with Each Score
Percentile by Number Answered
Your Score History
You have not taken this quiz